[Event "3MCR_3DW_1L_2S"]
[Site "?"]
[Date "2009.??.??"]
[Round "?"]
[White "Vozda, Jindrich"]
[Black "Postl, Rostislav"]
[Result "1-0"]
[WhiteElo "2444"]
[BlackElo "2297"]
[Annotator "079"]
[PlyCount "93"]
[EventDate "2009.??.??"]
[EventType "corr"]
[SourceDate "2002.06.29"]

1. e4 e5 2. Nf3 Nc6 3. Bb5 Nf6 4. d3 Bc5 5. Bxc6 dxc6 6. O-O Qd6 7. c3 O-O 8.
d4 Bb6 9. a4 a5 10. Qc2 Nd7 11. Na3 Qe6 12. Re1 Re8 13. Bd2 f6 14. b3 Qg4 15.
Nc4 exd4 16. cxd4 Nf8 17. h3 Qg6 18. Qd3 Be6 19. Qc3 Bd7 20. Nh4 Qh5 21. Nxb6
cxb6 22. Qg3 Be6 23. Re3 Rad8 24. Bc3 Qf7 25. Bb2 Ng6 26. Rae1 Nxh4 27. Qxh4
Bxb3 28. d5 Bc4 29. Rg3 Rxd5 30. Bxf6 g6 31. Ree3 Rh5 32. Qxh5 Qxf6 33. e5 Qf7
34. h4 b5 35. axb5 cxb5 36. Qd1 Qd5 37. Qa1 a4 38. e6 Rxe6 39. Rxe6 Qxe6 40. h5
Qe7 41. h6 Qf8 42. Rf3 Bf7 43. Rd3 Qxh6 44. Rd8+ Qf8 45. Rxf8+ Kxf8 46. Qh8+
Bg8 47. f4 1-0

[Event "3MCR_3DW_1L_2S"]
[Site "?"]
[Date "2009.??.??"]
[Round "?"]
[White "Pirhala, Ladislav"]
[Black "Postl, Rostislav"]
[Result "1/2-1/2"]
[WhiteElo "2190"]
[BlackElo "2297"]
[Annotator "080"]
[PlyCount "123"]
[EventDate "2009.??.??"]
[EventType "corr"]
[SourceDate "2002.06.29"]

1. e4 e5 2. Nf3 Nc6 3. Bb5 a6 4. Ba4 Nf6 5. O-O Be7 6. Re1 b5 7. Bb3 O-O 8. c3
d6 9. h3 Na5 10. Bc2 c5 11. d4 Qc7 12. Nbd2 cxd4 13. cxd4 Nc6 14. Nb3 a5 15.
Be3 a4 16. Nbd2 Bd7 17. Rc1 Qb7 18. Qe2 Rfe8 19. Bd3 Rab8 20. dxe5 Nxe5 21.
Nxe5 dxe5 22. Nf3 Bb4 23. Red1 Bc6 24. Bc5 Bxc5 25. Rxc5 Nd7 26. Rc3 Nf6 27.
Re1 Qa8 28. Qc2 Rb6 29. Kh2 Nh5 30. Rc1 Nf4 31. Nxe5 Nxd3 32. Qxd3 Rxe5 33. Qd4
Qb8 34. Qxb6 Qxb6 35. Rxc6 Qxc6 36. Rxc6 f5 37. exf5 Re2 38. f3 Rxb2 39. a3 Kf7
40. Rb6 h5 41. h4 Rb3 42. Kh3 Kg8 43. Rb7 Kf8 44. Kg3 Rxa3 45. Rxb5 Rb3 46. Ra5
Rb4 47. Kh3 Rf4 48. Ra7 Kg8 49. Kg3 Rb4 50. Ra8+ Kf7 51. Ra6 Rd4 52. Kh3 Rf4
53. Ra8 Ke7 54. Ra7+ Kf6 55. Ra5 Kf7 56. f6 g6 57. Ra6 Kg8 58. Kg3 Rc4 59. Ra7
Kf8 60. Kh3 Rf4 61. f7 Kg7 62. g3 1/2-1/2

[Event "3MCR_3DW_1L_2S"]
[Site "?"]
[Date "2009.??.??"]
[Round "?"]
[White "Postl, Rostislav"]
[Black "Sykora, Josef"]
[Result "1/2-1/2"]
[WhiteElo "2297"]
[BlackElo "2317"]
[Annotator "081"]
[PlyCount "104"]
[EventDate "2009.??.??"]
[EventType "corr"]
[SourceDate "2002.06.29"]

1. e4 e5 2. Nf3 Nc6 3. Bb5 a6 4. Ba4 Nf6 5. O-O Be7 6. Nc3 b5 7. Bb3 d6 8. d3
Na5 9. h3 O-O 10. Re1 Bb7 11. Bg5 c6 12. Ne2 Nh5 13. Bxe7 Qxe7 14. Qd2 Nxb3 15.
axb3 c5 16. b4 cxb4 17. Qxb4 Rac8 18. Qb3 Kh8 19. d4 Qc7 20. Qe3 f5 21. exf5
Rxf5 22. dxe5 dxe5 23. Nd2 Nf6 24. c3 Nd5 25. Qd3 Rff8 26. Rad1 Qb6 27. Ne4 Nf6
28. Nxf6 Rxf6 29. Rf1 Rcf8 30. Qe3 Qxe3 31. fxe3 Rxf1+ 32. Rxf1 Rxf1+ 33. Kxf1
a5 34. Nc1 Kg8 35. Nb3 a4 36. Nc5 Bd5 37. Kf2 Kf7 38. e4 Bc6 39. Ke3 Be8 40.
Nd3 Ke6 41. Ne1 Bf7 42. Nd3 Kd6 43. h4 Bc4 44. Nb4 h6 45. Kf3 Be6 46. Ke3 Bf7
47. Kd3 Kc5 48. Na6+ Kb6 49. Nb4 Bc4+ 50. Ke3 Kc5 51. Na6+ Kd6 52. Nb4 Kc5
1/2-1/2

[Event "3MCR_3DW_1L_2S"]
[Site "?"]
[Date "2009.??.??"]
[Round "?"]
[White "Mezera, Lukas"]
[Black "Zahour, Jiri"]
[Result "0-1"]
[WhiteElo "2213"]
[BlackElo "2321"]
[Annotator "082"]
[PlyCount "100"]
[EventDate "2009.??.??"]
[EventType "corr"]
[SourceDate "2002.06.29"]

1. d4 d5 2. Nf3 Nf6 3. c4 c6 4. Nc3 e6 5. Bg5 h6 6. Bh4 dxc4 7. e4 g5 8. Bg3 b5
9. Be2 Bb7 10. e5 Nd5 11. h4 g4 12. Nd2 Nxc3 13. bxc3 c5 14. dxc5 Bxg2 15. Rg1
Bd5 16. a4 a6 17. Bxg4 Nd7 18. c6 Nc5 19. Bf3 bxa4 20. Be2 Qc7 21. Nxc4 Bxc4
22. Bxc4 Qxc6 23. Qc2 Rb8 24. Rb1 Rxb1+ 25. Qxb1 Be7 26. Qb8+ Bd8 27. Qb4 Bc7
28. Be2 Rg8 29. Kf1 Ne4 30. Bf4 Rxg1+ 31. Kxg1 Nxc3 32. Bc4 Ba5 33. Qb8+ Bd8
34. Bf1 a3 35. Bd2 Nb5 36. Ba5 Nc7 37. Qb3 Be7 38. Bxc7 Qxc7 39. Bxa6 Qc1+ 40.
Bf1 Kf8 41. Kg2 Qc6+ 42. f3 Qd5 43. Bc4 Qxe5 44. Qa2 Qf4 45. Bb3 Bd6 46. Qf2
Qh2+ 47. Kf1 Qh1+ 48. Ke2 Qb1 49. Qe3 a2 50. Qxh6+ Ke8 0-1

[Event "3MCR_3DW_1L_2S"]
[Site "?"]
[Date "2009.??.??"]
[Round "?"]
[White "Toman, Antonin"]
[Black "Vozda, Jindrich"]
[Result "1/2-1/2"]
[WhiteElo "2204"]
[BlackElo "2444"]
[Annotator "083"]
[PlyCount "96"]
[EventDate "2009.??.??"]
[EventType "corr"]
[SourceDate "2002.06.29"]

1. e4 e5 2. Nf3 Nc6 3. Bb5 a6 4. Ba4 Nf6 5. O-O b5 6. Bb3 Bb7 7. d3 Bc5 8. Nc3
d6 9. a4 Na5 10. Ba2 b4 11. Ne2 O-O 12. Ng3 h6 13. Be3 Bxe3 14. fxe3 Kh7 15.
Qe1 c5 16. Nd2 Bc8 17. Qf2 Rb8 18. Nf5 Be6 19. Qh4 Bxa2 20. Rxa2 Ng8 21. Raa1
g6 22. Qxd8 Rbxd8 23. Nh4 Kg7 24. b3 Nf6 25. Rf3 Rde8 26. Raf1 Re6 27. g3 Nd7
28. R3f2 Nb6 29. h3 Nc6 30. Kg2 d5 31. Nhf3 d4 32. exd4 cxd4 33. Nc4 Nxc4 34.
bxc4 b3 35. cxb3 Nb4 36. Rd1 a5 37. Rb2 f6 38. Kf2 Rb6 39. Ke2 Na6 40. b4 Nc5
41. b5 Nxa4 42. Rb3 Nc3+ 43. Rxc3 dxc3 44. Rc1 Rc8 45. Ke3 a4 46. Ng1 Rb7 47.
Ne2 a3 48. Nxc3 Kf7 1/2-1/2

[Event "3MCR_3DW_1L_2S"]
[Site "?"]
[Date "2009.??.??"]
[Round "?"]
[White "Toman, Antonin"]
[Black "Mezera, Lukas"]
[Result "1/2-1/2"]
[WhiteElo "2204"]
[BlackElo "2213"]
[Annotator "084"]
[PlyCount "94"]
[EventDate "2009.??.??"]
[EventType "corr"]
[SourceDate "2002.06.29"]

1. e4 e5 2. Nf3 Nc6 3. Bb5 a6 4. Ba4 Nf6 5. d4 exd4 6. O-O Be7 7. Re1 b5 8. Bb3
d6 9. Bd5 Nxd5 10. exd5 Ne5 11. Nxd4 O-O 12. a4 Bg4 13. Qd2 Bd7 14. Nc3 b4 15.
Nce2 Qb8 16. Qe3 Qb6 17. Qb3 a5 18. Be3 Qa6 19. Ng3 Rfe8 20. h3 Bh4 21. Bf4 Ng6
22. Nf3 Nxf4 23. Nxh4 Rad8 24. Rad1 Ne2+ 25. Nxe2 Rxe2 26. Nf3 Rde8 27. Rxe2
Rxe2 28. Nd4 Re5 29. c3 h6 30. Nf3 Re4 31. Nd4 Qa8 32. Qc4 bxc3 33. b3 Qb7 34.
Qxc3 Re5 35. Nf3 Rxd5 36. Rxd5 Qxd5 37. Qxc7 Bc6 38. Kh2 g5 39. b4 axb4 40.
Qb8+ Kg7 41. Qxb4 Qc5 42. Qd4+ Qxd4 43. Nxd4 Bxa4 44. Nf5+ Kf6 45. Nxd6 Bb3 46.
Ne8+ Ke5 47. g4 Ba4 1/2-1/2

[Event "3MCR_3DW_1L_3S"]
[Site "?"]
[Date "2009.??.??"]
[Round "?"]
[White "Pravec, Ladislav"]
[Black "Svoboda, Frantisek"]
[Result "1/2-1/2"]
[WhiteElo "2338"]
[BlackElo "2374"]
[Annotator "081"]
[PlyCount "91"]
[EventDate "2009.??.??"]
[EventType "corr"]
[SourceDate "2002.06.29"]

1. d4 Nf6 2. c4 e6 3. Nf3 b6 4. g3 Ba6 5. b3 Bb4+ 6. Bd2 Be7 7. Bg2 c6 8. Bc3
d5 9. Nfd2 O-O 10. O-O Nbd7 11. a4 c5 12. Na3 Qc8 13. e3 Bb7 14. a5 h6 15. Qe2
Rd8 16. Rfd1 Nb8 17. axb6 axb6 18. Nc2 Rxa1 19. Rxa1 Ba6 20. Qe1 dxc4 21. bxc4
cxd4 22. Nxd4 Bxc4 23. Nxc4 Qxc4 24. Ra7 Bf8 25. Ra1 Rc8 26. Bb2 Nbd7 27. Qd1
Nc5 28. Rc1 Qa6 29. Bf1 Qa2 30. Qc2 Nfe4 31. Nb5 Rd8 32. Bd4 Ra8 33. Bg2 Qxc2
34. Rxc2 g5 35. f3 Nd6 36. Nxd6 Bxd6 37. f4 Ra3 38. Kf1 f5 39. Bc6 Kf8 40. Rb2
Bc7 41. Rb5 Ra2 42. Bxc5+ bxc5 43. Rxc5 Rxh2 44. Bg2 Bb6 45. Re5 gxf4 46. exf4
1/2-1/2

[Event "3MCR_3DW_1L_2S"]
[Site "?"]
[Date "2009.??.??"]
[Round "?"]
[White "Cipka, Ivan"]
[Black "Zahour, Jiri"]
[Result "1/2-1/2"]
[WhiteElo "2194"]
[BlackElo "2321"]
[Annotator "085"]
[PlyCount "91"]
[EventDate "2009.??.??"]
[EventType "corr"]
[SourceDate "2002.06.29"]

1. e4 c5 2. Nf3 d6 3. d4 cxd4 4. Nxd4 Nf6 5. Nc3 g6 6. Be3 Bg7 7. f3 O-O 8. Qd2
Nc6 9. O-O-O d5 10. exd5 Nxd5 11. Nxc6 bxc6 12. Nxd5 cxd5 13. Qxd5 Qc7 14. Qc5
Qb7 15. b3 Bf5 16. Qa5 Rac8 17. Bd3 Rc3 18. Bxf5 Rxe3 19. Be4 Qc8 20. g4 Qb8
21. Kb1 Qf4 22. Rd8 Bc3 23. Rxf8+ Kxf8 24. Qxa7 Re2 25. a3 Qxh2 26. Rd1 Qd6 27.
Bd3 Re5 28. b4 Kg7 29. Qa4 Re3 30. Qb3 Be5 31. b5 Rxf3 32. b6 Qd4 33. Ka2 Rf6
34. Rb1 Qxg4 35. b7 Bb8 36. Qd5 h5 37. Re1 Re6 38. Rxe6 Qxe6 39. Qxe6 fxe6 40.
Kb3 g5 41. c4 h4 42. c5 Kf6 43. Kc4 g4 44. Kb5 g3 45. Bf1 e5 46. Kb6 1/2-1/2

[Event "3MCR_3DW_1L_2S"]
[Site "?"]
[Date "2009.??.??"]
[Round "?"]
[White "Blecha, Miroslav"]
[Black "Mezera, Lukas"]
[Result "1/2-1/2"]
[WhiteElo "2298"]
[BlackElo "2213"]
[Annotator "086"]
[PlyCount "77"]
[EventDate "2009.??.??"]
[EventType "corr"]
[SourceDate "2002.06.29"]

1. e4 e5 2. Nf3 Nc6 3. Bb5 f5 4. Nc3 fxe4 5. Nxe4 d5 6. Nxe5 dxe4 7. Nxc6 Qg5
8. Qe2 Nf6 9. Nxa7+ Bd7 10. Bxd7+ Nxd7 11. f4 Qc5 12. Nb5 Qxc2 13. d4 Bb4+ 14.
Kf1 Qxe2+ 15. Kxe2 O-O-O 16. Be3 Nf6 17. a3 Be7 18. Rac1 Nd5 19. Nc3 Nxc3+ 20.
Rxc3 Rd5 21. Bf2 c6 22. Ke3 Re8 23. g4 g6 24. a4 Kc7 25. Rc4 h5 26. h3 g5 27.
f5 Bd6 28. Ke2 Bf4 29. Be3 b5 30. Rc2 bxa4 31. Rf1 hxg4 32. hxg4 Bd6 33. Rfc1
Kd7 34. Rh1 Bf4 35. Rh7+ Kd6 36. Rh6+ Kd7 37. Rhxc6 Rb5 38. R6c5 Reb8 39. Rxb5
1/2-1/2

[Event "3MCR_3DW_1L_2S"]
[Site "?"]
[Date "2009.??.??"]
[Round "?"]
[White "Vozda, Jindrich"]
[Black "Kuchta, Jiri"]
[Result "1-0"]
[WhiteElo "2444"]
[BlackElo "2162"]
[Annotator "087"]
[PlyCount "99"]
[EventDate "2009.??.??"]
[EventType "corr"]
[SourceDate "2002.06.29"]

1. e4 e5 2. Nf3 Nc6 3. Bb5 a6 4. Ba4 Nf6 5. O-O Be7 6. Re1 b5 7. Bb3 d6 8. c3
O-O 9. h3 Na5 10. Bc2 c5 11. d4 Qc7 12. d5 Bd7 13. Nbd2 c4 14. Nf1 Nb7 15. Bd2
Nc5 16. b4 cxb3 17. axb3 a5 18. Qb1 Rfc8 19. Ng3 Bd8 20. Rc1 Qa7 21. Qb2 Rab8
22. Rf1 Qb7 23. Ra2 a4 24. b4 Na6 25. Rc1 h6 26. Bd3 Nh7 27. Raa1 Nf8 28. c4
bxc4 29. Bxc4 Bf6 30. Nh5 Nh7 31. Qa3 Bd8 32. Qd3 Nc7 33. Ng3 Ng5 34. Ne1 Nh7
35. Rcb1 Bg5 36. Bxg5 Nxg5 37. Nc2 g6 38. Na3 Qa7 39. b5 Qa5 40. Qe2 Qc3 41.
Bd3 Bxh3 42. Qe3 Bg4 43. f3 Bxf3 44. gxf3 Nh3+ 45. Kf1 Nf4 46. Rd1 Nxd3 47. Ne2
Qa5 48. Rxd3 Nxb5 49. Qxh6 Nxa3 50. f4 1-0

[Event "3MCR_3DW_1L_2S"]
[Site "?"]
[Date "2009.??.??"]
[Round "?"]
[White "Krouzel, Jaroslav"]
[Black "Postl, Rostislav"]
[Result "0-1"]
[WhiteElo "2277"]
[BlackElo "2297"]
[Annotator "088"]
[PlyCount "72"]
[EventDate "2009.??.??"]
[EventType "corr"]
[SourceDate "2002.06.29"]

1. d4 d5 2. c4 dxc4 3. Nf3 Nf6 4. e3 e6 5. Bxc4 c5 6. O-O a6 7. Qe2 b5 8. Bb3
Bb7 9. Rd1 Nbd7 10. Nc3 Bd6 11. e4 cxd4 12. Nxd4 Qb8 13. g3 O-O 14. f3 Bc5 15.
Kg2 Rd8 16. Be3 Qa7 17. Rac1 Qb6 18. Qf2 h6 19. h3 Rac8 20. a3 Ne5 21. Rd2 Rc7
22. Rcd1 Rcd7 23. Ba2 a5 24. Bb3 Bc6 25. g4 b4 26. axb4 axb4 27. Na4 Bxa4 28.
Bxa4 Nc4 29. Bxd7 Rxd7 30. Rc2 Nxe3+ 31. Qxe3 Bxd4 32. Qb3 Be5 33. Rcd2 Qb5 34.
Rd3 Bf4 35. h4 Kh7 36. Kf2 Qc5+ 0-1

[Event "3MCR_3DW_1L_3S"]
[Site "?"]
[Date "2009.??.??"]
[Round "?"]
[White "Riha, Jan"]
[Black "Ryska, Jiri"]
[Result "1-0"]
[WhiteElo "2275"]
[BlackElo "2104"]
[Annotator "082"]
[PlyCount "87"]
[EventDate "2009.??.??"]
[EventType "corr"]
[SourceDate "2002.06.29"]

1. e4 e5 2. Nf3 Nc6 3. Bb5 a6 4. Ba4 Nf6 5. O-O Be7 6. Re1 b5 7. Bb3 d6 8. c3
O-O 9. h3 Nb8 10. d4 Nbd7 11. Nbd2 Bb7 12. Bc2 Re8 13. Nf1 d5 14. Nxe5 Nxe5 15.
dxe5 Nxe4 16. f3 Nc5 17. b4 Ne6 18. f4 c5 19. f5 Nf8 20. Qg4 cxb4 21. Be3 f6
22. Bh6 Bc5+ 23. Kh1 Qe7 24. Ng3 Kh8 25. cxb4 gxh6 26. exf6 Qxf6 27. bxc5 Qc3
28. Rf1 Nd7 29. f6 Nxf6 30. Qf4 Rg8 31. Qxf6+ Qxf6 32. Rxf6 Rxg3 33. c6 Bc8 34.
Rf8+ Rg8 35. Rf7 Rg7 36. Raf1 Be6 37. Rf8+ Rg8 38. Rxa8 Rxa8 39. Re1 Bf7 40. c7
Rc8 41. Re7 Be6 42. Bxh7 d4 43. Be4 Bxa2 44. Bf5 1-0

[Event "3MCR_3DW_1L_1S"]
[Site "?"]
[Date "2009.??.??"]
[Round "?"]
[White "Binas, Jindrich"]
[Black "Nepustil, Frantisek"]
[Result "0-1"]
[WhiteElo "2249"]
[BlackElo "2322"]
[Annotator "080"]
[PlyCount "118"]
[EventDate "2009.??.??"]
[EventType "corr"]
[SourceDate "2002.06.29"]

1. e4 c5 2. Nf3 Nc6 3. d4 cxd4 4. Nxd4 Nf6 5. Nc3 e5 6. Ndb5 d6 7. Bg5 a6 8.
Bxf6 gxf6 9. Na3 b5 10. Nd5 f5 11. c3 Bg7 12. exf5 Bxf5 13. Nc2 O-O 14. Nce3
Be6 15. Bd3 f5 16. O-O Rb8 17. Qh5 Qd7 18. g4 e4 19. Bc2 Kh8 20. Kh1 Rbe8 21.
Rad1 fxg4 22. Bxe4 Bg8 23. Bf5 Qb7 24. Qxg4 Ne5 25. Qg2 Nc4 26. Nxc4 bxc4 27.
Be4 Qxb2 28. Rg1 Rf7 29. Qg4 Qxf2 30. Rg2 Qa7 31. Qh4 Ref8 32. Rdg1 Qd7 33. Rg5
Qd8 34. Qh3 Qe8 35. R5g4 Qe6 36. Qh4 Qh6 37. Qxh6 Bxh6 38. a4 Re8 39. Rd1 Bg7
40. Kg1 Re5 41. Bg2 Rff5 42. Rxc4 Rg5 43. Rc8 Re2 44. Nf4 Rb2 45. Rxd6 Rg4 46.
Rdd8 Be5 47. h3 Rg7 48. Kf1 Bxf4 49. Bd5 Rb1+ 50. Ke2 Rbg1 51. a5 h5 52. Ra8
Kh7 53. Bxg8+ Rxg8 54. Rxg8 Rxg8 55. Rxa6 Rg3 56. Rf6 Bh6 57. Rf3 Rg5 58. a6
Bg7 59. Rd3 Ra5 0-1

[Event "3MCR_3DW_1L_2S"]
[Site "?"]
[Date "2009.??.??"]
[Round "?"]
[White "Blecha, Miroslav"]
[Black "Vozda, Jindrich"]
[Result "0-1"]
[WhiteElo "2298"]
[BlackElo "2444"]
[Annotator "089"]
[PlyCount "84"]
[EventDate "2009.??.??"]
[EventType "corr"]
[SourceDate "2002.06.29"]

1. e4 e5 2. Nf3 Nc6 3. Bb5 a6 4. Ba4 Nf6 5. O-O b5 6. Bb3 Bb7 7. c3 Be7 8. d4
d6 9. Qe2 O-O 10. Rd1 Na5 11. Bc2 exd4 12. Nxd4 Re8 13. f3 g6 14. b4 c5 15.
bxa5 cxd4 16. cxd4 Rc8 17. Qd2 d5 18. e5 Nh5 19. Bb3 b4 20. a3 Qxa5 21. Kh1 Rc7
22. Qb2 Qb6 23. axb4 Bxb4 24. Bd2 a5 25. Na3 Rb8 26. Qa2 Bxd2 27. Rxd2 Rc3 28.
Bd1 Bc6 29. Rb1 Qc7 30. g3 Rb4 31. Rxb4 axb4 32. Nb1 Re3 33. Qb2 Qb6 34. Kg2
Ng7 35. f4 Bd7 36. Qa1 Nf5 37. g4 Ne7 38. Bf3 Qe6 39. h3 h5 40. Bd1 hxg4 41.
Bxg4 Nf5 42. Kh2 Qe7 0-1

[Event "3MCR_3DW_1L_1S"]
[Site "?"]
[Date "2009.??.??"]
[Round "?"]
[White "Pecka, Josef"]
[Black "Hybl, Vladislav"]
[Result "1/2-1/2"]
[WhiteElo "2270"]
[BlackElo "2307"]
[Annotator "081"]
[PlyCount "77"]
[EventDate "2009.??.??"]
[EventType "corr"]
[SourceDate "2002.06.29"]

1. e4 c5 2. Nf3 Nc6 3. Bb5 e6 4. O-O Nge7 5. c3 a6 6. Ba4 b5 7. Bc2 Bb7 8. d4
cxd4 9. Nxd4 Ng6 10. Be3 Be7 11. f4 O-O 12. Nxc6 Bxc6 13. Nd2 d5 14. Qh5 dxe4
15. Nxe4 f5 16. Ng3 Nh4 17. Rf2 Bd5 18. Rd1 Qc8 19. Bb3 Bxb3 20. axb3 Qc6 21.
Bd4 Ng6 22. Qe2 Rfe8 23. b4 a5 24. bxa5 Rxa5 25. Nh5 Bf8 26. h3 Rea8 27. Kh2
Ra1 28. Rd2 R8a6 29. Rf3 Qc4 30. Rfd3 Rd6 31. b3 Qc8 32. Re3 Qd7 33. Rf3 Ra8
34. Rfd3 Qc6 35. b4 Qc4 36. Qf3 Rad8 37. Qg3 R6d7 38. Re3 Bxb4 39. cxb4 1/2-1/2

[Event "3MCR_3DW_1L_1S"]
[Site "?"]
[Date "2009.??.??"]
[Round "?"]
[White "Kaas, Jaroslav"]
[Black "Hybl, Vladislav"]
[Result "1-0"]
[WhiteElo "1800"]
[BlackElo "2307"]
[Annotator "082"]
[PlyCount "93"]
[EventDate "2009.??.??"]
[EventType "corr"]
[SourceDate "2002.06.29"]

1. e4 c5 2. Nf3 Nc6 3. Nc3 e5 4. Bc4 Be7 5. d3 d6 6. O-O Nf6 7. h3 O-O 8. Bd2
Be6 9. Nd5 Bxd5 10. exd5 Na5 11. b3 Nxc4 12. bxc4 Qd7 13. a4 h6 14. Re1 Nh7 15.
Qb1 f5 16. Qb5 Qxb5 17. axb5 a6 18. bxa6 bxa6 19. Reb1 Ra7 20. Rb6 Rfa8 21. g3
g5 22. Nh2 h5 23. Nf1 f4 24. Bc3 Nf6 25. gxf4 gxf4 26. Ba5 Kf7 27. Nd2 Kg6 28.
Kg2 Kf5 29. Kf3 Rd7 30. Rc6 Nh7 31. Ke2 Nf6 32. Rb1 Bd8 33. Bxd8 Rdxd8 34. Kf3
a5 35. h4 Kg6 36. Ne4 Nxe4 37. Kxe4 Rd7 38. Rbb6 Kf7 39. Ra6 Rad8 40. Rxa5 Rg8
41. Rca6 Rg4 42. Ra7 f3+ 43. Kf5 Ke8 44. Rxd7 Kxd7 45. Ra7+ Ke8 46. Rh7 Rg2 47.
Rxh5 1-0

[Event "3MCR_3DW_1L_2S"]
[Site "?"]
[Date "2009.??.??"]
[Round "?"]
[White "Kyhos, Alois"]
[Black "Postl, Rostislav"]
[Result "1/2-1/2"]
[WhiteElo "2146"]
[BlackElo "2297"]
[Annotator "090"]
[PlyCount "116"]
[EventDate "2009.??.??"]
[EventType "corr"]
[SourceDate "2002.06.29"]

1. e4 e5 2. Nf3 Nc6 3. Bb5 a6 4. Ba4 Nf6 5. O-O Be7 6. Re1 b5 7. Bb3 d6 8. c3
O-O 9. h3 Na5 10. Bc2 c5 11. d4 Qc7 12. Nbd2 cxd4 13. cxd4 Bb7 14. d5 Rac8 15.
Bd3 Nd7 16. Nf1 f5 17. exf5 Bxd5 18. Ng5 Bxg5 19. Bxg5 Nf6 20. Bxf6 gxf6 21.
Bxb5 Bxg2 22. Bxa6 Bb7 23. Bxb7 Qxb7 24. Qxd6 Nc6 25. Qd5+ Kh8 26. Rac1 Rfd8
27. Qe4 Rd4 28. Qg2 Rd6 29. Ng3 Rg8 30. Rc4 Qb6 31. Rg4 Rdd8 32. Nh5 Nd4 33.
Ree4 Nxf5 34. Rxg8+ Rxg8 35. Rg4 Rf8 36. b3 Qe6 37. Qb7 Qe8 38. Ng7 Qe7 39.
Qxe7 Nxe7 40. Nh5 f5 41. Rb4 Kg8 42. a4 Kf7 43. a5 Nd5 44. Rb7+ Ke6 45. Ng7+
Kd6 46. a6 Ra8 47. Nxf5+ Ke6 48. Ne3 Rxa6 49. Nxd5 Kxd5 50. Rd7+ Ke4 51. Rxh7
Rg6+ 52. Kf1 Rb6 53. Rh4+ Kf5 54. b4 e4 55. b5 Kg5 56. Rg4+ Kf5 57. f3 Rxb5 58.
fxe4+ Kf6 1/2-1/2

[Event "3MCR_3DW_1L_3S"]
[Site "?"]
[Date "2009.??.??"]
[Round "?"]
[White "Tomisek, Petr"]
[Black "Ryska, Jiri"]
[Result "1-0"]
[WhiteElo "2166"]
[BlackElo "2104"]
[Annotator "083"]
[PlyCount "131"]
[EventDate "2009.??.??"]
[EventType "corr"]
[SourceDate "2002.06.29"]

1. e4 e5 2. Bc4 Nf6 3. Nc3 Bc5 4. d3 d6 5. f4 Bxg1 6. Rxg1 Nc6 7. f5 Nd4 8. g4
h6 9. Be3 c6 10. Bxd4 exd4 11. Ne2 d5 12. exd5 Nxd5 13. Bxd5 Qxd5 14. Nf4 Qd6
15. Qe2+ Kd8 16. Qf2 Qb4+ 17. Kf1 Bd7 18. Kg2 Re8 19. Rge1 Rxe1 20. Rxe1 Kc7
21. Nh5 Rg8 22. Kh3 Kc8 23. b3 Qd6 24. Re4 c5 25. b4 b6 26. bxc5 bxc5 27. Qg3
Qxg3+ 28. Kxg3 Re8 29. Kf4 g5+ 30. fxg6 fxg6 31. Rxe8+ Bxe8 32. Nf6 Bf7 33. a3
Kc7 34. g5 hxg5+ 35. Kxg5 Kd6 36. Ne4+ Kd5 37. Kf4 Be6 38. h4 Bf7 39. Kg5 c4
40. Nf6+ Ke5 41. Ng4+ Kd6 42. Kf6 cxd3 43. cxd3 Be8 44. Nf2 Bd7 45. Ne4+ Kd5
46. Kxg6 Ke5 47. Kg5 Bf5 48. Nf2 Bh7 49. a4 Bf5 50. a5 Bh7 51. h5 Bf5 52. a6
Bh7 53. Ne4 Bf5 54. Nc5 Bh7 55. Kh6 Bf5 56. Kg7 Kf4 57. h6 Ke3 58. h7 Bxh7 59.
Kxh7 Kd2 60. Kg7 Kc3 61. Kf6 Kb4 62. Ne6 Ka5 63. Nxd4 Kxa6 64. Nc6 Kb6 65. Nxa7
Kxa7 66. d4 1-0

[Event "3MCR_3DW_1L_3S"]
[Site "?"]
[Date "2009.??.??"]
[Round "?"]
[White "Svoboda, Frantisek"]
[Black "Ryska, Jiri"]
[Result "1-0"]
[WhiteElo "2374"]
[BlackElo "2104"]
[Annotator "084"]
[PlyCount "77"]
[EventDate "2009.??.??"]
[EventType "corr"]
[SourceDate "2002.06.29"]

1. c4 e5 2. Nc3 Nf6 3. Nf3 Nc6 4. g3 Bb4 5. Nd5 Nxd5 6. cxd5 Nd4 7. Nxd4 exd4
8. Qc2 O-O 9. Qc4 Qe7 10. Qxd4 b6 11. Bg2 Ba6 12. e3 Rae8 13. a3 Bd6 14. Qa4
Bd3 15. Qb3 Bf5 16. d3 a5 17. O-O Bg6 18. Re1 f5 19. Bd2 Qd8 20. Bc3 a4 21.
Qxa4 Qe7 22. Qb5 Qf7 23. a4 Kh8 24. b4 Rb8 25. Qc4 b5 26. axb5 f4 27. exf4 Rfc8
28. Be4 Rb7 29. Ra6 Rcb8 30. Bxg6 hxg6 31. f5 Qxf5 32. Qh4+ Kg8 33. Rxd6 cxd6
34. Re7 Qf8 35. Rxg7+ Qxg7 36. Bxg7 Kxg7 37. Qe7+ Kg8 38. Qf6 Rxb5 39. Qxg6+
1-0

[Event "3MCR_3DW_1L_3S"]
[Site "?"]
[Date "2009.??.??"]
[Round "?"]
[White "Schoupal, Patrik"]
[Black "Bares, Jiri"]
[Result "1/2-1/2"]
[WhiteElo "2000"]
[BlackElo "2234"]
[Annotator "085"]
[PlyCount "81"]
[EventDate "2009.??.??"]
[EventType "corr"]
[SourceDate "2002.06.29"]

1. e4 c5 2. Nf3 d6 3. d4 cxd4 4. Nxd4 Nf6 5. Nc3 a6 6. Bg5 e6 7. f4 Qb6 8. Qd2
Qxb2 9. Rb1 Qa3 10. e5 dxe5 11. fxe5 Nfd7 12. Ne4 h6 13. Bh4 Qxa2 14. Rd1 Qd5
15. Qe3 Qxe5 16. Be2 Bc5 17. Bg3 Bxd4 18. Rxd4 Qa5+ 19. Rd2 O-O 20. Bd6 Re8 21.
O-O Nc6 22. Qg3 Ne7 23. Bc7 b6 24. Rxd7 Bxd7 25. Nf6+ Kh8 26. Nxd7 f6 27. Bxb6
Qa4 28. Qd6 Nd5 29. c4 Qc2 30. Bh5 Qxc4 31. Bxe8 Rxe8 32. h3 e5 33. Rd1 Nxb6
34. Qxb6 Qc2 35. Qb1 Qc8 36. Qc1 Qb7 37. Nc5 Qb6 38. Kh2 Rc8 39. Rd5 a5 40. Qa3
Qb5 41. Qa4 1/2-1/2

[Event "3MCR_3DW_1L_3S"]
[Site "?"]
[Date "2009.??.??"]
[Round "?"]
[White "Pravec, Ladislav"]
[Black "Tomisek, Petr"]
[Result "1/2-1/2"]
[WhiteElo "2338"]
[BlackElo "2166"]
[Annotator "086"]
[PlyCount "117"]
[EventDate "2009.??.??"]
[EventType "corr"]
[SourceDate "2002.06.29"]

1. d4 Nf6 2. c4 c5 3. d5 e5 4. Nc3 d6 5. e4 g6 6. Be2 Bg7 7. Nf3 O-O 8. O-O a6
9. Ne1 Nbd7 10. Rb1 Rb8 11. a4 b6 12. Bg5 Ra8 13. Qd2 Bb7 14. Nd3 Qe7 15. Ra1
Qd8 16. b3 Rb8 17. Ra2 Bc8 18. Rfa1 Re8 19. h3 a5 20. Qe3 Qe7 21. Nb5 Qf8 22.
Qf3 h6 23. Bd2 Bb7 24. Re1 Rbd8 25. Bd1 Qe7 26. Qg3 Nh7 27. Kh2 Bc8 28. Nc7 Rf8
29. Kg1 Nb8 30. Nb5 Ba6 31. Rc2 Nd7 32. Bc3 Bf6 33. Rce2 h5 34. Qf3 Bg5 35. g3
h4 36. Qg2 Bh6 37. Rf1 Kh8 38. Kh2 Bg5 39. Na7 Bb7 40. Ree1 Bf6 41. Bg4 hxg3+
42. fxg3 Bg7 43. Bd1 Nb8 44. h4 Bxd5 45. exd5 Qxa7 46. h5 Qd7 47. Bd2 Kg8 48.
g4 Na6 49. h6 Bh8 50. g5 Nb4 51. Nf2 e4 52. Nxe4 Be5+ 53. Kh1 Kh8 54. Nf6 Nxf6
55. gxf6 Kh7 56. Bg4 Qb7 57. Bg5 Qc7 58. Rf3 Rde8 59. Rfe3 1/2-1/2

[Event "3MCR_3DW_1L_3S"]
[Site "?"]
[Date "2009.??.??"]
[Round "?"]
[White "Svoboda, Frantisek"]
[Black "Schoupal, Patrik"]
[Result "1/2-1/2"]
[WhiteElo "2374"]
[BlackElo "2000"]
[Annotator "087"]
[PlyCount "78"]
[EventDate "2009.??.??"]
[EventType "corr"]
[SourceDate "2002.06.29"]

1. c4 e5 2. Nc3 Nf6 3. Nf3 Nc6 4. g3 d5 5. cxd5 Nxd5 6. Bg2 Nb6 7. O-O Be7 8.
a3 O-O 9. b4 Be6 10. Rb1 f6 11. d3 Nd4 12. Bb2 Nxf3+ 13. Bxf3 c6 14. Qc2 a5 15.
b5 cxb5 16. Nxb5 Rc8 17. Bc3 Nd5 18. Qb2 Nxc3 19. Nxc3 b6 20. Rfd1 Bf7 21. e3
Qd6 22. Bg4 Rb8 23. Nb5 Qd5 24. a4 Rfd8 25. Qc2 g6 26. Na7 Be8 27. d4 Kf8 28.
dxe5 Qc5 29. Qb3 Rxd1+ 30. Rxd1 fxe5 31. Bf3 Rd8 32. Rxd8 Bxd8 33. Kg2 Kg7 34.
Nb5 Be7 35. Nc3 Bd7 36. Ne4 Qc8 37. h4 Bb4 38. Ng5 Qe8 39. Bd5 h6 1/2-1/2

[Event "3MCR_3DW_1L_1S"]
[Site "?"]
[Date "2009.??.??"]
[Round "?"]
[White "Kuta, Jiri"]
[Black "Jirku, Jaroslav"]
[Result "1/2-1/2"]
[WhiteElo "2359"]
[BlackElo "2305"]
[Annotator "083"]
[PlyCount "83"]
[EventDate "2009.??.??"]
[EventType "corr"]
[SourceDate "2002.06.29"]

1. d4 d5 2. c4 e6 3. Nc3 Nf6 4. cxd5 exd5 5. Bg5 c6 6. e3 Nbd7 7. Nf3 Be7 8.
Bd3 O-O 9. Qc2 Re8 10. h3 Nf8 11. Bf4 Be6 12. O-O Rc8 13. Rab1 Ng6 14. Bh2 Bd6
15. Bxd6 Qxd6 16. Rbc1 Rcd8 17. Rfd1 Qe7 18. a3 Bd7 19. b4 Ne4 20. b5 Ng5 21.
Nh2 Rc8 22. Bxg6 fxg6 23. Qb2 Rf8 24. Ng4 Bxg4 25. hxg4 Rce8 26. bxc6 bxc6 27.
Re1 Rf7 28. a4 Qd7 29. f4 Ne4 30. Nxe4 Rxe4 31. g5 Rfe7 32. Qc3 R4e6 33. Rb1
Qe8 34. Rb3 Re4 35. Qb2 Qd7 36. Qd2 Qe6 37. Rc1 Rxe3 38. Rxe3 Qxe3+ 39. Qxe3
Rxe3 40. Rxc6 Re4 41. g3 Rxd4 42. Ra6 1/2-1/2